Normal view
MARC view
- Bowerman, Bruce L Connell, Richard T. O
Entry Personal Name
001 - CONTROL NUMBER
- control field: 75109
003 - CONTROL NUMBER IDENTIFIER
- control field: NUST
005 - DATE AND TIME OF LATEST TRANSACTION
- control field: 20210628205346.0
008 - FIXED-LENGTH DATA ELEMENTS
- fixed length control field: 210628|| aca||aabn | a|a d
040 ## - CATALOGING SOURCE
- Original cataloging agency: NUST
- Transcribing agency: NUST
100 ## - HEADING--PERSONAL NAME
- Personal name: Bowerman, Bruce L Connell, Richard T. O
670 ## - SOURCE DATA FOUND
- Source citation: Work cat.: (NUST): Bowerman, Bruce L Connell, Richard T. O, Applied statistics imroving business processes, 1997
